Are you good at maths? - Statistics

General Stats
  • This quiz has been taken 613 times
  • The average score is 5 of 10
Answer Stats
Hint Answer % Correct
7+7×7 56
97%
9÷9-9 -8
97%
2×3^4 162
70%
3×13+14-100 -47
51%
(14+56)÷14×0+2 2
48%
14×14÷14-14+14 14
44%
582+154×7^0 736
39%
87-5×2^8 -1193
27%
100÷3 33 1/3
15%
2÷5+4÷6 1 1/15
11%
No matching quizzes found
Score Distribution
Percent of People with Each Score
Percentile by Number Answered
Your Score History
You have not taken this quiz